| 000 | 00993nam a22002657a 4500 | ||
|---|---|---|---|
| 999 |
_c21238 _d21238 |
||
| 003 | AR-CdUCM | ||
| 008 | 190321b ||||| |||| 00| 0 spa d | ||
| 020 | _a9786120025987 | ||
| 040 |
_aMUNICIPALIDAD PROVINCIAL DEL CUSCO _cBIBLIOTECA MUNICIPAL DEL CUSCO |
||
| 082 |
_a669.91 / O74 _bO74 |
||
| 100 |
_aOrtiz Saravia, Eduardo Fabián _944365 |
||
| 245 | _aFisicoquimica metalúrgica I / | ||
| 260 |
_aCusco : _bR&W, _c2017. |
||
| 300 |
_a140 páginas ; _c28 cm. |
||
| 500 | _aApuntes de clase. | ||
| 505 | _aContenido: La Fisicoquimica el beneficio de los minerales y la Metalurgia -- Algunas definiciones importantes -- Dimensiones y unidades -- Los Gases -- Primera Ley de Termodinámica ... | ||
| 650 |
_aMetalurgia física _922485 |
||
| 650 |
_aIngeniería _910043 |
||
| 650 |
_aMetalurgia _919102 |
||
| 650 |
_aFisicoquimica _944366 |
||
| 650 |
_aMinerales _944367 |
||
| 710 |
_aUniversidad Nacional de San Antonio Abad del Cusco _915942 |
||
| 942 |
_2ddc _cLIBROS |
||
| 945 | _aRoel | ||